000 00526nam a2200157 a 4500
005 20140414093843.0
008 090320s19uu xx uuu eng d
020 _a05-210-1335-6
050 _aCT 420.7
_bCAM 2002
100 _aCambridge
245 _aCambridge IELTS - 3 with answers edition :
_bexamination papers from the University of Cambridge Local Examinations Syndicate /
_cCambridge.
260 _bCambridge University Press,
_cc2002.
650 _aEnglish as a second language.
942 _cAVM
999 _c109426
_d109426